000 00511nam a2200133 a 4500
008 120416s1968 ||||||||||||||||| || u
050 _aTA 409.3 Fel
100 _aFelbeck, David K
245 1 0 _aIntroduction to strengthening mechanisms
260 _aEnglewood Cliffs
_bFT Prentice-Hall
_c1968
300 _ax, 146p. : ill
350 _a0.00
995 _D0.00
_FCBU-MAIN LIBRARY (Kitwe)
_H1
_I4.00
_M1
_UAVAILABLE
_WJul 5, 2006
_ZAnnex Low-Usage Collection
999 _c48012
_d48012